000
00210 a2200097 4500
001
7806
100
_a
Angelopoulos, S
245
_a
Will the atom united the world?
260
_a
_b
Head
_c
090
_c
6255
_d
6255
942
_a
NUST-CAE
_c
M
_c
32773
999
_c
242879
_d
242879